Artists with the Most Popular Songs on Spotify - Statistics

General Stats
  • This quiz has been taken 93 times
  • The average score is 9 of 20
Answer Stats
Tracks Artist % Correct
46 Taylor Swift
92%
57 Drake
81%
38 The Weeknd
65%
27 Ariana Grande
56%
24 Kendrick Lamar
56%
30 Rihanna
54%
25 Ed Sheeran
53%
26 Bruno Mars
50%
33 Billie Eilish
47%
24 Eminem
47%
26 Kanye West
47%
31 Justin Bieber
44%
62 Bad Bunny
32%
22 Post Malone
31%
22 Dua Lipa
29%
28 Travis Scott
28%
20 Juice WRLD
14%
20 David Guetta
12%
30 J Balvin
9%
27 Ozuna
6%
No matching quizzes found
Score Distribution
Percent of People with Each Score
Percentile by Number Answered
Your Score History
You have not taken this quiz